| 000 -LEADER |
| fixed length control field |
00956nam a22002297a 4500 |
| 005 - DATE AND TIME OF LATEST TRANSACTION |
| control field |
20240126165027.0 |
| 008 - FIXED-LENGTH DATA ELEMENTS--GENERAL INFORMATION |
| fixed length control field |
240126s2017 enk||||| |||| 00| 0 eng d |
| 020 ## - INTERNATIONAL STANDARD BOOK NUMBER |
| International Standard Book Number |
9780991344628 |
| 041 ## - LANGUAGE CODE |
| Language code of text/sound track or separate title |
eng |
| 080 ## - UNIVERSAL DECIMAL CLASSIFICATION NUMBER |
| Universal Decimal Classification number |
004.42 F-96 |
| 245 ## - TITLE STATEMENT |
| Title |
Fullstack React: |
| Remainder of title |
The Complete Guide to Reactjs and Friends / |
| Statement of responsibility, etc. |
Anthony Accomazzo, Nate Murray, Ari Lerner, Clay Allsopp, David Guttman, Tyler McCinnis. |
| 264 ## - PRODUCTION, PUBLICATION, DISTRIBUTION, MANUFACTURE, AND COPYRIGHT NOTICE |
| Place of production, publication, distribution, manufacture |
San Francisco: |
| Name of producer, publisher, distributor, manufacturer |
Fullstack, |
| Date of production, publication, distribution, manufacture, or copyright notice |
2017. |
| 300 ## - PHYSICAL DESCRIPTION |
| Extent |
814 p. : |
| Other physical details |
ill. ; |
| Dimensions |
29 cm. |
| 653 ## - INDEX TERM--UNCONTROLLED |
| keyword |
კომპიუტერული მეცნიერებანი |
| 700 ## - ADDED ENTRY--PERSONAL NAME |
| Personal name |
Accomazzo, Anthony |
| Relator term |
ავტორი |
| 9 (RLIN) |
21139 |
| 700 ## - ADDED ENTRY--PERSONAL NAME |
| Personal name |
Murray, Nate |
| Relator term |
ავტორი |
| 9 (RLIN) |
21140 |
| 700 ## - ADDED ENTRY--PERSONAL NAME |
| Personal name |
Lerner, Ari |
| Relator term |
ავტორი |
| 9 (RLIN) |
21141 |
| 700 ## - ADDED ENTRY--PERSONAL NAME |
| Personal name |
Allsopp, Clay |
| Relator term |
ავტორი |
| 9 (RLIN) |
21142 |
| 700 ## - ADDED ENTRY--PERSONAL NAME |
| Personal name |
Guttman, David |
| Relator term |
ავტორი |
| 9 (RLIN) |
21143 |
| 700 ## - ADDED ENTRY--PERSONAL NAME |
| Personal name |
McCinnis, Tyler |
| Relator term |
ავტორი |
| 9 (RLIN) |
21144 |
| 942 ## - ADDED ENTRY ELEMENTS (KOHA) |
| Source of classification or shelving scheme |
|
| Koha item type |
წიგნი |